Secretarial Practice In India (Record no. 1236244)

MARC details
000 -LEADER
fixed length control field 00510nam a2200193Ia 4500
008 - FIXED-LENGTH DATA ELEMENTS--GENERAL INFORMATION
fixed length control field 151121s9999||||xx |||||||||||||| ||und||
082 ## - DEWEY DECIMAL CLASSIFICATION NUMBER
Classification number 658/Bah
082 ## - DEWEY DECIMAL CLASSIFICATION NUMBER
Item number HNW-52073
100 ## - MAIN ENTRY--PERSONAL NAME
Personal name Bahl J। C।
245 ## - TITLE STATEMENT
Title Secretarial Practice In India
260 ## - PUBLICATION, DISTRIBUTION, ETC. (IMPRINT)
Name of publisher, distributor, etc "N। M। Tripathi Pvt, Ltd।, Bombay"
260 ## - PUBLICATION, DISTRIBUTION, ETC. (IMPRINT)
Date of publication, distribution, etc --
300 ## - PHYSICAL DESCRIPTION
Extent 714
600 ## - SUBJECT ADDED ENTRY--PERSONAL NAME
Personal name Bahl J। C।
630 ## - SUBJECT ADDED ENTRY--UNIFORM TITLE
Uniform title Secretarial Practice In India
700 ## - ADDED ENTRY--PERSONAL NAME
Personal name Bahl J। C।
730 ## - ADDED ENTRY--UNIFORM TITLE
Uniform title Secretarial Practice In India
942 ## - ADDED ENTRY ELEMENTS (KOHA)
Koha item type Book
Holdings
Withdrawn status Lost status Damaged status Not for loan Home library Current library Date acquired Cost, normal purchase price Total Checkouts Full call number Barcode Date last seen Cost, replacement price Price effective from Koha item type
        Hirachand Nemchand Wachanalaya, Solapur Hirachand Nemchand Wachanalaya, Solapur 11/21/2015 11.00   HNW-52073 HNW-52073 11/21/2015 11.00 11/21/2015 Book